Nada entre dos platos / (Record no. 68579)

MARC details
000 -LEADER
campo de control de longitud fija 01041nam a2200229 i 4500
001 - NÚMERO DE CONTROL
campo de control 68579
003 - IDENTIFICADOR DE NÚMERO DE CONTROL
campo de control ES-MaACL
005 - FECHA Y HORA DE LA ÚLTIMA TRANSACCIÓN
campo de control 20230906170318.0
007 - CAMPO FIJO DE DESCRIPCIÓN FÍSICA--INFORMACIÓN GENERAL
campo de control de longitud fija t|
008 - DATOS DE LONGITUD FIJA--INFORMACIÓN GENERAL
campo de control de longitud fija 960809q1890 sp |||| | spa d
100 1# - ENTRADA PRINCIPAL--NOMBRE DE PERSONA
Nombre de persona Gaspar, Enrique.
9 (RLIN) 55881
245 10 - MENCIÓN DEL TÍTULO
Título Nada entre dos platos /
Mención de responsabilidad, etc. Enrique Gaspar.
260 ## - PUBLICACIÓN, DISTRIBUCIÓN, ETC.
Lugar de publicación, distribución, etc. Valencia :
Nombre del editor, distribuidor, etc. Pascual Aguilar,
Fecha de publicación, distribución, etc. [ca. 1890]
300 ## - DESCRIPCIÓN FÍSICA
Extensión 189 p. ;
Dimensiones 16 cm.
490 1# - MENCIÓN DE SERIE
Mención de serie Biblioteca selecta ;
Designación de volumen o secuencia 58
505 8# - NOTA DE CONTENIDO CON FORMATO
Nota de contenido con formato Contiene: Por el hilo se saca el ovillo ; La policía rusa ; El revés ; La mano ; Una jugada célebre ; Las botas del difunto ; Una teoría de Camilo Flammarión ; Orestes furioso ; Un presentimiento ; Los perros ; El triángulo ; Costumbres españolas ; Mi cuarto a espadas ; Nada si tu amor ; Demasiado almidón ; El verso y la prosa
530 ## - NOTA DISPONIBLE DE FORMULARIO FÍSICO ADICIONAL
Nota de formato físico adicional disponible Disponible en formato digital.
830 0# - PUNTO DE ACCESO ADICIONAL DE SERIE-TÍTULO UNIFORME
Título uniforme Biblioteca selecta ;
Designación de volumen o secuencia 58
9 (RLIN) 182888
852 ## - LOCALIZACIÓN
Ubicación ES-MaACL
Número de control de estantería T-612-F-3
856 ## - LOCALIZACIÓN Y ACCESO ELECTRÓNICOS
Identificador Uniforme de Recursos <a href="http://bdh-rd.bne.es/viewer.vm?id=0000192678&page=1 ">http://bdh-rd.bne.es/viewer.vm?id=0000192678&page=1 </a>
Nota pública Biblioteca Digital Hispánica
Holdings
Estatus retirado Estado de pérdida Estado de daño No para préstamo Colección Biblioteca de origen Biblioteca actual Ubicación en estantería Fecha de adquisición Fuente de adquisición Total de préstamos Signatura topográfica completa Código de barras Visto por última vez Precio de reemplazo Tipo de ítem Koha
        Colección de folletos Biblioteca del Ateneo de Madrid Biblioteca del Ateneo de Madrid Depósito folletos 17/01/2008     T-612-F-3 1071794 23/02/2023 23/02/2023 Folleto